000 00729cam a2200253 a 4500
001 15198261
005 20180315063030.0
008 080228s2009 njua 001 0 eng
010 _a 2008009456
020 _a9780132080231
020 _a0132080230
035 _a(OCoLC)ocn212893674
035 _a(OCoLC)212893674
_z(OCoLC)182525879
040 _aDLC
_cDLC
_dYDX
_dBTCTA
_dBAKER
_dJ2H
_dYDXCP
_dDLC
041 _aeng
080 _a338.5 PIN
082 0 0 _a338.5 PIN
_222
100 1 _a52
101 _aMIK
245 1 0 _aMicroeconomics /
_cRobert S. Pindyck, Daniel L. Rubinfeld.
906 _a7
_bcbc
_corignew
_d1
_eecip
_f20
_gy-gencatlg
942 _2ddc
_cBK
999 _c45127
_d45127